01120nam a2200253Ia 4500952009700000999001900097008004100116020001500157082002200172100003500194240002600229245008500255250001800340260004100358300003500399504002700434505016200461519007600623519010000699650001400799650001400813700003200827942000700859 00104070a01b01d2017-10-24l0o302.2 E19t 2000p01 001674r2017-10-24t1w2017-10-24yLB c102648d102648120622s2000 mx a 000 0 spa d a8426401058 a302.2b E19t 2000 aEco, Umbertod1932-2016eautor aA Theroy of Semiotics aTratado de semiótica general c / Umberto Eco ; traducción de Carlos Manzano a5a. Edición aBarcelona, Españab: Lumenc, 2000 a461 páginasb: ilustraciones aBibliografía p. 427  aHacia una lógica de la cultura Significación y comunicación Teoría de los Códigos Teoría de la producción de signos El sujeto de la semiótica aMaterial Complementario /bCiencias de la Comunicación /d(01 001674) aPlan Flexible /bCiencias de la Comunicación /cSemiótica (B21-3) /d(01 012160, 01 012161)14aSEMIOTICA24aSIMBOLOS  aManzano, Carlos etraductor cLB